<?xml version="1.0" encoding="UTF-8"?>
<collection xmlns="http://www.loc.gov/MARC21/slim">
  <record>
    <leader>00000nam  2200000   4500</leader>
    <controlfield tag="001">INLIS000000000001322</controlfield>
    <controlfield tag="005">20180724141821</controlfield>
    <controlfield tag="008">180724|||||||||   |   |||   |||| ||   | </controlfield>
    <datafield tag="035" ind1=" " ind2=" ">
      <subfield code="0">010-0718001322</subfield>
    </datafield>
    <datafield tag="041" ind1=" " ind2=" ">
      <subfield code="a">id</subfield>
    </datafield>
    <datafield tag="082" ind1=" " ind2=" ">
      <subfield code="a">198</subfield>
    </datafield>
    <datafield tag="090" ind1=" " ind2=" ">
      <subfield code="a">R 198 PIM II 2015</subfield>
    </datafield>
    <datafield tag="100" ind1=" " ind2=" ">
      <subfield code="a">Nawawi, Masagus Ahmad</subfield>
    </datafield>
    <datafield tag="245" ind1=" " ind2=" ">
      <subfield code="a">Membangun Sistem Informasi Pendapatan Daerah (SIMPATDA) Berbasis Teknologi Informasi Dalam Rangka Peningkatan Efektivitas Pendapatan Keuangan Daerah Kabupaten Empat Lawang</subfield>
    </datafield>
    <datafield tag="260" ind1=" " ind2=" ">
      <subfield code="a">Jakarta</subfield>
      <subfield code="b">LAN Jakrta</subfield>
      <subfield code="c">2015</subfield>
    </datafield>
    <datafield tag="650" ind1=" " ind2=" ">
      <subfield code="a">Membangun Sistem Informasi</subfield>
    </datafield>
  </record>
</collection>
